00651 2200205 4500001002100000005001700021008004100038035002500079040001200104082001600116084001800132100005000150245006800200260005100268300003600319504002900355650003100384850001200415990001800427INLIS00000000002125820160712142802.0  a0010-071600000000049 aYOPDYOG 223a615.321 aT 615.321 Bad aBADAN PENGAWAS DAN MAKANAN REPUBLIK INDONESIA aInformasi temu lawak Indonesiac/ Badan Pengawas dan Makanan RI aJakartabBadan Pengawas Obat dan Makananc2004 avii, 36 hlm.b: ilus.c; 21 cm. aBibliografi : hlm. 29-32 aHerbal - Penggunaan Terapi aYOPDYOG a52418-PD/A.16